000
00343nam a2200145Ia 4500
003
OSt
005
20240301105229.0
008
170524s9999 xx 000 0 und d
020
_a
978-8179651070
040
_c
iimtu meerut
100
_a
HARI MOHAN
245
0
_a
ADHUNIK JANSANCHAR AUR HINDI
260
_b
N DELHI TAKSHSHILA
942
_2
ddc
_c
02
999
_c
9267
_d
9267